| 000 | 00554nam a2200169 i 4500 | ||
|---|---|---|---|
| 001 | 118322 | ||
| 003 | ES-MaACL | ||
| 005 | 20230906191056.0 | ||
| 007 | t| | ||
| 008 | 070214s1971 xxu r ||||1| spa d | ||
| 100 | 1 |
_aPérez, Alberto C. _990549 |
|
| 245 | 1 | 0 |
_aRealidad y suprarrealidad en los cuentos fantásticos de Jorge Luis Borges / _cAlberto C. Pérez. |
| 260 |
_aMiami (Florida) : _bUniversal, _c1971. |
||
| 300 |
_a247 p. ; _c21 cm. |
||
| 600 | 1 | 4 |
_aBorges, Jorge Luis- _xCrítica e interpretación. _930461 |
| 852 |
_aES-MaACL _jL_5512 _bR.79121 |
||
| 999 |
_c118322 _d118322 |
||